Rozvoj miest a jeho financovanie
Analýza finančnej kapacity miest Slovenskej republiky na základe dostupných a porovnateľných údajov o hospodárení miestnych samospráv pre generovanie svojho rozvoja a súčasne, do akej miery je tento rozvoj zabezpečovaný dlhovým financovaním.
Salvato in:
| Autore principale: | |
|---|---|
| Altri autori: | |
| Natura: | Capitolo di libro |
| Lingua: | slovacco |
| Soggetti: | |
| Tags: |
Nessun Tag, puoi essere il primo ad aggiungerne!!
|
MARC
| LEADER | 00000nla a2200000 4500 | ||
|---|---|---|---|
| 001 | 0238428 | ||
| 005 | 20250709081019.7 | ||
| 041 | 0 | |a slo | |
| 044 | |a CZ | ||
| 245 | 1 | 0 | |a Rozvoj miest a jeho financovanie |c Elena Žárska, Oliver Rafaj |
| 520 | |a Analýza finančnej kapacity miest Slovenskej republiky na základe dostupných a porovnateľných údajov o hospodárení miestnych samospráv pre generovanie svojho rozvoja a súčasne, do akej miery je tento rozvoj zabezpečovaný dlhovým financovaním. | ||
| 610 | 2 | 0 | |a mestá |
| 610 | 2 | 0 | |a financovanie |
| 610 | 2 | 0 | |a hospodárenie finančné |
| 610 | 2 | 0 | |a samospráva |
| 100 | 1 | |a Žárska, Elena, 1955- | |
| 700 | 1 | |a Rafaj, Oliver, 1989- | |